000 01023nam2a22002411 4500
001 rc\4929464
005 20250613042413.0
021 _aRU
_b[59-66442]
035 _a(NLR Aleph) 008944948
090 _a8967890
_c8967890
100 _a20130426d1959 |||y0rusy50 ca
101 0 _arus
102 _aRU
105 _ay z |||||
200 0 _a№ 7
210 _a[Москва]
_cБ. и.
_d1959
215 _a14 с.
461 0 _1001rc\4929457
_12001#$aБюллетень$e№ 1-7$fТретья сессия Верховного Совета СССР пятого созыва. Совет Союза$v№ 7
_98967851
_aСССР. Верховный Совет. Созыв (5). Сессия (3). Совет Союза
_c[Москва]
_d1959
_fТретья сессия Верховного Совета СССР пятого созыва. Совет Союза
_nБ. и.
_o№ 1-7
_p7 т.
_tБюллетень
_v№ 7
801 0 _aRU
_bNLR
_gpsbo
801 1 _aRU
_bELAR
_2rusmarc
852 _aNLR
_j59-6/9360
942 _cBOOK
980 _aNB